| 000 | 00000cas 2200000zi 4500 |
| 001 | 9.909940 |
| 003 | CaOODSP |
| 005 | 20260511162604 |
| 006 | m o d f |
| 007 | cr cn |||||||| |
| 008 | 220406c20219999onc x p o f0###b0fre|d |
| 022 | |a2816-4946 |
| 040 | |aCaOODSP|bfre|erda|cCaOODSP |
| 043 | |an-cn-on|an-us-ny |
| 086 | 1 |aFs74-59F-PDF |
| 222 | 0|aInstructions nautiques du Canada. CEN 302, Lac Ontario |
| 245 | 00|aInstructions nautiques du Canada. |nCEN 302, |pLac Ontario. |
| 246 | 30|aLac Ontario |
| 264 | 1|aOttawa, Ontario, Canada : |bService hydrographique du Canada, Pêches et océans Canada = Canadian Hydrographic Service, Fisheries and Oceans Canada, |c[2022]- |
| 310 | |aIrrégulier |
| 336 | |atexte|btxt|2rdacontent/fre |
| 337 | |ainformatique|bc|2rdamedia/fre |
| 338 | |aressource en ligne|bcr|2rdacarrier/fre |
| 362 | 1 |aParaît depuis : 2021/12. |
| 500 | |aPublié aussi en anglais sous le titre : Canadian sailing directions. CEN 302, Lake Ontario. |
| 588 | |aDescription d'après : 2021/12; titre de la page couverture du fichier PDF. |
| 588 | |aDernière livraison consultée : 2026/04. |
| 650 | 6|aNavigation|zOntario, Lac (N.Y. et Ont.)|vPériodiques. |
| 655 | 7|aPériodiques|2rvmgf |
| 710 | 2 |aService hydrographique du Canada, |eorganisme de publication. |
| 775 | 08|tCanadian sailing directions. |w(CaOODSP)9.909941 |
| 780 | 00|tInstructions nautiques. |w(CaOODSP)9.908717 |